[Event "8�me open de Quimper 2017"]
[Site "Quimper"]
[Date "2017.10.28"]
[Round "3.13"]
[White "Ollivier, Alain"]
[Black "Duval, Lucie"]
[Result "0-1"]
[WhiteElo "1556"]
[BlackElo "1188"]
[PlyCount "56"]
[EventDate "2017.??.??"]

1. e4 e5 2. Nf3 Nc6 3. d4 exd4 4. Bc4 h6 5. O-O Bc5 6. c3 dxc3 7. Bxf7+ Ke7 8.
Bg6 d6 9. Nxc3 Be6 10. Nd5+ Kd7 11. e5 Nge7 12. Nf4 Qg8 13. Re1 Nxg6 14. Nxg6
Rh7 15. exd6 Bxd6 16. Bf4 Rd8 17. Bxd6 cxd6 18. Rc1 Kc7 19. Ne7 Qf7 20. Nxc6
bxc6 21. Qc2 Qd7 22. Qxh7 Bf5 23. Re7 Bxh7 24. Rxd7+ Kxd7 25. Rc4 d5 26. Ra4
Ra8 27. Kf1 Ke6 28. Ra6 Bd3+ 0-1

[Event "8�me open de Quimper 2017"]
[Site "Quimper"]
[Date "2017.10.28"]
[Round "3.14"]
[White "Kerbaol, Jacques"]
[Black "Ottl, Eric"]
[Result "0-1"]
[WhiteElo "1460"]
[BlackElo "1587"]
[PlyCount "98"]
[EventDate "2017.??.??"]

1. e4 g6 2. d4 Bg7 3. Bc4 e6 4. Nf3 d5 5. exd5 exd5 6. Be2 Ne7 7. O-O O-O 8.
Nbd2 Nbc6 9. Nb3 Nf5 10. c3 Nh4 11. Kh1 Nxf3 12. Bxf3 Ne7 13. Bf4 Re8 14. Qd2
c6 15. Rae1 Bd7 16. Nc5 Qc8 17. Nxd7 Qxd7 18. Bd1 Nf5 19. Bc2 Nd6 20. Bd3 Re7
21. Rxe7 Qxe7 22. Re1 Qd7 23. Re2 Nc4 24. Qe1 Kf8 25. Bxc4 dxc4 26. Kg1 b5 27.
a3 a6 28. Kf1 f6 29. Re6 Re8 30. Rxe8+ Qxe8 31. Bd6+ Kf7 32. Qxe8+ Kxe8 33. Ke2
Kd7 34. Bb4 Ke6 35. Kf3 Bh6 36. a4 Kd5 37. axb5 cxb5 38. g4 Bc1 39. Ba3 a5 40.
Ke2 b4 41. cxb4 axb4 42. Bxb4 Bxb2 43. Be7 Bxd4 44. f3 Ke5 45. h3 Kf4 46. Bd6+
Be5 47. Bc5 Kg3 48. Bf2+ Kxh3 49. Ke3 Bg3 0-1

[Event "8�me open de Quimper 2017"]
[Site "Quimper"]
[Date "2017.10.28"]
[Round "3.16"]
[White "Menez, Jean-Pierre"]
[Black "Bonhomme, Marcel"]
[Result "1/2-1/2"]
[WhiteElo "1399"]
[BlackElo "1500"]
[PlyCount "51"]
[EventDate "2017.??.??"]

1. d4 Nf6 2. Bf4 g6 3. e3 Bg7 4. c3 d5 5. Nd2 Bf5 6. Be5 Nbd7 7. Ngf3 O-O 8.
Be2 Re8 9. Nf1 c5 10. Ng3 Be4 11. Bd3 c4 12. Bxe4 Nxe4 13. Bxg7 Kxg7 14. Nxe4
dxe4 15. Nd2 Nf6 16. Nxc4 Rc8 17. Ne5 Qc7 18. O-O Nd7 19. Nxd7 Qxd7 20. f3 Qd5
21. fxe4 Qxe4 22. Qd2 g5 23. Qe2 f6 24. Rf2 h5 25. Raf1 Kg6 26. Rf5 1/2-1/2

[Event "8�me open de Quimper 2017"]
[Site "Quimper"]
[Date "2017.10.28"]
[Round "4.1"]
[White "Stephan, Victor"]
[Black "Jolly, Jean-Francois"]
[Result "1/2-1/2"]
[WhiteElo "2329"]
[BlackElo "2373"]
[PlyCount "78"]
[EventDate "2017.??.??"]

1. d4 Nf6 2. c4 e6 3. Nc3 Bb4 4. e3 O-O 5. Nge2 Re8 6. a3 Bf8 7. Ng3 d5 8. Be2
Nbd7 9. O-O dxc4 10. Bxc4 b6 11. e4 c6 12. f4 b5 13. Ba2 Bb7 14. e5 Nd5 15. f5
c5 16. fxe6 fxe6 17. Qf3 cxd4 18. Nxd5 Bxd5 19. Bxd5 exd5 20. Qxd5+ Kh8 21. Rf7
Nxe5 22. Rxf8+ Rxf8 23. Qxe5 Re8 24. Qf5 d3 25. Qf2 Rf8 26. Bf4 Rc8 27. Ne4 Rc2
28. Nd2 Kg8 29. Qe3 Re8 30. Qxa7 Re7 31. Qf2 Re2 32. Qf3 h6 33. Rf1 Qd4+ 34.
Kh1 Rcxd2 35. Bxd2 Rxd2 36. Qf7+ Kh7 37. Qf5+ Kg8 38. Qf7+ Kh7 39. Qf5+ Kg8
1/2-1/2

[Event "8�me open de Quimper 2017"]
[Site "Quimper"]
[Date "2017.10.28"]
[Round "4.2"]
[White "Famel, Edouard"]
[Black "Le Marec, Simon"]
[Result "0-1"]
[WhiteElo "1753"]
[BlackElo "2211"]
[PlyCount "96"]
[EventDate "2017.??.??"]

1. e4 e6 2. d4 d5 3. Nd2 Nf6 4. e5 Nfd7 5. c3 c5 6. Ndf3 Nc6 7. Bd3 cxd4 8.
cxd4 f6 9. exf6 Nxf6 10. Ne2 Bd6 11. O-O Qc7 12. Bg5 O-O 13. Ng3 Qb6 14. Qb1
Nxd4 15. Nxd4 Qxd4 16. Bxf6 Rxf6 17. Bxh7+ Kh8 18. Qd3 Qh4 19. Bg6 Bd7 20. Qb1
Raf8 21. Qc2 Bb5 22. Bd3 Bxd3 23. Qxd3 Bc5 24. Nh1 Bxf2+ 25. Nxf2 Rxf2 26. Rae1
Rxf1+ 27. Rxf1 Rxf1+ 28. Kxf1 Qf4+ 29. Ke2 Qxh2 30. Qg6 Qe5+ 31. Kd3 Qe4+ 32.
Qxe4 dxe4+ 33. Kxe4 Kg8 34. Kf4 Kf7 35. g4 Kf6 36. Ke4 Kg5 37. Ke5 Kxg4 38.
Kxe6 g5 39. Kd7 Kf5 40. b4 g4 41. Kc7 g3 42. Kxb7 g2 43. Kxa7 g1=Q+ 44. Ka6 Qa1
45. b5 Qxa2+ 46. Kb7 Ke6 47. b6 Kd7 48. Kb8 Kc6 0-1

[Event "8�me open de Quimper 2017"]
[Site "Quimper"]
[Date "2017.10.28"]
[Round "4.3"]
[White "Le Guehennec, Jean-Marc"]
[Black "Donchez, Christophe"]
[Result "1-0"]
[WhiteElo "1838"]
[BlackElo "1853"]
[PlyCount "56"]
[EventDate "2017.??.??"]

1. e4 d6 2. d4 Nf6 3. Nc3 g6 4. f4 Bg7 5. Nf3 O-O 6. Be2 Nbd7 7. e5 Ne8 8. Be3
c6 9. Qd2 Nc7 10. O-O-O Nb6 11. Rhg1 Ncd5 12. Nxd5 Nxd5 13. Bf2 a5 14. c4 Nb4
15. a3 Na6 16. a4 h6 17. Bd3 Qc7 18. f5 b5 19. f6 exf6 20. exf6 Bxf6 21. Qxh6
Bg7 22. Qh4 bxc4 23. Ng5 Re8 24. Bxc4 d5 25. Bg3 Qb7 26. Bd6 Re7 27. Rgf1 Be6
28. Qh7+ Kf8 1-0

[Event "8�me open de Quimper 2017"]
[Site "Quimper"]
[Date "2017.10.28"]
[Round "4.4"]
[White "Oney, Remel"]
[Black "Collin, Jean-Philippe"]
[Result "1-0"]
[WhiteElo "1826"]
[BlackElo "1737"]
[PlyCount "41"]
[EventDate "2017.??.??"]

1. d4 Nf6 2. Bf4 b6 3. e3 Bb7 4. Nf3 Nc6 5. d5 Nb4 6. c4 a5 7. Nc3 Na6 8. Be2
g6 9. e4 d6 10. h4 Bg7 11. e5 dxe5 12. Bxe5 Nh5 13. g4 Bxe5 14. Nxe5 Nf6 15. g5
Qd6 16. Qd4 Nd7 17. Nxd7 Kxd7 18. Bg4+ e6 19. O-O-O Nc5 20. dxe6+ Nxe6 21.
Bxe6+ 1-0

[Event "8�me open de Quimper 2017"]
[Site "Quimper"]
[Date "2017.10.28"]
[Round "4.5"]
[White "Besseghier, Stephane"]
[Black "Vigouroux, Johann"]
[Result "1-0"]
[WhiteElo "1691"]
[BlackElo "1754"]
[PlyCount "40"]
[EventDate "2017.??.??"]

1. Nf3 Nf6 2. g3 g6 3. Bg2 Bg7 4. O-O d5 5. d4 O-O 6. c4 c6 7. Nc3 dxc4 8. Qa4
Nbd7 9. Qxc4 Nb6 10. Qd3 h6 11. Rd1 Be6 12. b3 Nbd5 13. Nxd5 cxd5 14. Qb5 Ne4
15. Qxb7 Nc3 16. Re1 a5 17. Bb2 Qd6 18. Ne5 Ra6 19. Ba3 Rb8 20. Qxe7 Bxe5 1-0

[Event "8�me open de Quimper 2017"]
[Site "Quimper"]
[Date "2017.10.28"]
[Round "4.6"]
[White "Martin, Frederic"]
[Black "Chachiachvili, Mariam"]
[Result "1-0"]
[WhiteElo "1643"]
[BlackElo "1752"]
[PlyCount "145"]
[EventDate "2017.??.??"]

1. c4 Nf6 2. Nc3 g6 3. g3 Bg7 4. Bg2 d6 5. Nf3 O-O 6. O-O Nc6 7. d3 e5 8. a3
Nh5 9. Bd2 f5 10. Ng5 Nf6 11. Nd5 h6 12. Nh3 Nd4 13. e3 Ne6 14. Bc3 c6 15. Nb4
a5 16. Nc2 Nc5 17. Rb1 e4 18. d4 Na4 19. Be1 Nb6 20. b3 a4 21. Na1 Be6 22. Nf4
Bf7 23. Bb4 g5 24. Ne2 axb3 25. c5 Nbd5 26. Nxb3 Nxb4 27. axb4 Nd5 28. Na5 Rb8
29. Qd2 Qd7 30. Nc4 dxc5 31. bxc5 Rfd8 32. Rb2 Nc7 33. Nb6 Qe7 34. Rfb1 Na6 35.
Na4 Bc4 36. Qa5 Bd3 37. Rc1 Nc7 38. Nec3 Ra8 39. Qb6 Nb5 40. Nxb5 Bxb5 41. Rxb5
cxb5 42. Qxb5 Qd7 43. Qxd7 Rxd7 44. Nb6 Rad8 45. Nxd7 Rxd7 46. Rb1 Kf8 47. Bf1
Ke7 48. Rb6 Rc7 49. Bc4 Kf8 50. Be6 f4 51. Bd5 fxe3 52. fxe3 Re7 53. Bxb7 Rc7
54. Bd5 Ke8 55. Rb8+ Kd7 56. c6+ Kd6 57. Rb7 Rxb7 58. cxb7 Kc7 59. Bxe4 Bf8 60.
Kg2 Bd6 61. Kf3 Bb4 62. g4 Bd6 63. h3 Bb4 64. Bd5 Bd6 65. e4 Kd7 66. e5 Bb8 67.
Ke4 Kc7 68. Kf5 Ba7 69. Kg6 Bxd4 70. e6 Be5 71. Kxh6 Bf4 72. Kg6 Kd8 73. Kf7
1-0

[Event "8�me open de Quimper 2017"]
[Site "Quimper"]
[Date "2017.10.28"]
[Round "4.7"]
[White "Major, Frederic"]
[Black "Ginovart, Camille"]
[Result "0-1"]
[WhiteElo "1747"]
[BlackElo "1677"]
[PlyCount "124"]
[EventDate "2017.??.??"]

1. c4 e5 2. Nc3 Nf6 3. d3 Be7 4. Nf3 Nc6 5. g3 d5 6. cxd5 Nxd5 7. Bg2 Nb6 8. b3
Be6 9. O-O O-O 10. Bb2 f6 11. Rc1 Qd7 12. Re1 a5 13. a3 Nd4 14. Nxd4 exd4 15.
Ne4 a4 16. b4 Bb3 17. Qd2 c6 18. e3 dxe3 19. Qxe3 Nd5 20. Qf3 Nc7 21. d4 Bd5
22. Qh5 b6 23. Bh3 Qd8 24. Nc3 Bf7 25. Qf3 Nd5 26. Ne4 Kh8 27. Rxc6 f5 28. Nd2
Nxb4 29. axb4 Bd5 30. Qc3 Bxc6 31. Qxc6 Bxb4 32. Rd1 a3 33. Ba1 Rc8 34. Qa4 Qd6
35. Nf3 Ra8 36. Qb3 f4 37. Ne5 Qe7 38. Be6 fxg3 39. hxg3 Ra7 40. d5 Qc5 41. Bd4
Qb5 42. Nc6 Qa4 43. Qd3 Rc7 44. Nxb4 Qxb4 45. Rb1 Qa4 46. Bxb6 Rc4 47. d6 a2
48. Ra1 Rb4 49. Rxa2 Qc6 50. Be3 Rf6 51. Rc2 Rb1+ 52. Rc1 Rxc1+ 53. Bxc1 Qxc1+
54. Kg2 Rxe6 55. Qd5 Re8 56. d7 Rd8 57. Qe6 Rf8 58. Qe7 Qc6+ 59. Kg1 Qf6 60.
Qe3 Qc6 61. Qe7 Qf6 62. Qe3 h6 0-1

[Event "8�me open de Quimper 2017"]
[Site "Quimper"]
[Date "2017.10.28"]
[Round "4.8"]
[White "Duval, Lucie"]
[Black "Andre, Marine"]
[Result "0-1"]
[WhiteElo "1188"]
[BlackElo "1737"]
[PlyCount "54"]
[EventDate "2017.??.??"]

1. e4 e5 2. Nf3 Nc6 3. Bb5 d6 4. d3 g6 5. d4 Bd7 6. Bxc6 Bxc6 7. dxe5 dxe5 8.
Qd3 Bg7 9. O-O Qxd3 10. cxd3 Bb5 11. Rd1 O-O-O 12. Ne1 Nf6 13. Bg5 h6 14. Bh4
g5 15. Bg3 Nxe4 16. Na3 Nd6 17. Rac1 Bc6 18. Nc4 Nxc4 19. Rxc4 f5 20. f3 e4 21.
fxe4 fxe4 22. d4 Rd7 23. Bf2 Rf8 24. Rc2 Bb5 25. g3 g4 26. Ng2 Bxd4 27. Nf4
Bxf2+ 0-1

[Event "8�me open de Quimper 2017"]
[Site "Quimper"]
[Date "2017.10.28"]
[Round "4.9"]
[White "Donchez, Gilbert"]
[Black "Delaire, Eric"]
[Result "1/2-1/2"]
[WhiteElo "1502"]
[BlackElo "1727"]
[PlyCount "97"]
[EventDate "2017.??.??"]

1. Nf3 c5 2. c4 Nf6 3. g3 d5 4. cxd5 Nxd5 5. Bg2 Nc6 6. Nc3 Nc7 7. O-O e5 8. d3
Be7 9. a3 O-O 10. Be3 Be6 11. Na4 Na6 12. Rc1 Qa5 13. Ng5 Bxg5 14. Bxg5 Nd4 15.
Bd2 Qc7 16. Nxc5 Nxc5 17. b4 Bb3 18. Rxc5 Qxc5 19. bxc5 Bxd1 20. Rxd1 Rac8 21.
Bxb7 Rxc5 22. Bb4 Rc7 23. Bxf8 Kxf8 24. Ba6 Nxe2+ 25. Kf1 Nd4 26. Bc4 Rb7 27.
Kg2 Rb2 28. h4 Nc2 29. Kf3 Nxa3 30. Ra1 Nxc4 31. dxc4 Rb7 32. Ke4 f6 33. f4
exf4 34. gxf4 Ke7 35. Kd5 Rd7+ 36. Kc6 Rd4 37. Rxa7+ Ke6 38. Rxg7 Rxc4+ 39. Kb5
Rxf4 40. Rxh7 f5 41. Kc5 {(=)} Kf6 42. Kd5 Kg6 43. Rh8 Kg7 44. Rh5 Rf1 45. Ke5
f4 46. Rf5 f3 47. Ke4 f2 48. Ke3 Rh1 49. Rxf2 1/2-1/2

[Event "8�me open de Quimper 2017"]
[Site "Quimper"]
[Date "2017.10.28"]
[Round "4.10"]
[White "Ottl, Eric"]
[Black "Le Coz, Yannick"]
[Result "1-0"]
[WhiteElo "1587"]
[BlackElo "1300"]
[PlyCount "75"]
[EventDate "2017.??.??"]

1. g3 d5 2. Bg2 Nf6 3. c4 Bf5 4. Qb3 dxc4 5. Qxb7 Be4 6. Bxe4 Nxe4 7. Qxa8 f5
8. Nf3 e6 9. Ne5 Be7 10. Nc6 Nxc6 11. Qxc6+ Kf7 12. Qxc4 Bc5 13. e3 Qd6 14. Nc3
Ng5 15. Ke2 Qc6 16. Rf1 Qf3+ 17. Ke1 Bd6 18. d4 Qg2 19. d5 Nf3+ 20. Ke2 e5 21.
Bd2 Nxh2 22. Ke1 Nf3+ 23. Kd1 e4 24. Kc2 Ne5 25. Qe2 Nd3 26. Qh5+ g6 27. Qh1
Qxh1 28. Rxh1 Nxf2 29. Rhf1 Nd3 30. Nxe4 Ne5 31. Nxd6+ cxd6 32. Bc3 Rc8 33. e4
Nc4 34. Kd3 Ne5+ 35. Bxe5 dxe5 36. exf5 g5 37. Ke4 Kf6 38. Rac1 1-0

[Event "8�me open de Quimper 2017"]
[Site "Quimper"]
[Date "2017.10.28"]
[Round "4.11"]
[White "Taher, Sinane"]
[Black "Bou, Serge"]
[Result "1-0"]
[WhiteElo "1554"]
[BlackElo "1261"]
[PlyCount "47"]
[EventDate "2017.??.??"]

1. e4 e5 2. Nf3 Nf6 3. d4 exd4 4. e5 Ne4 5. Bd3 Bb4+ 6. Nbd2 Nxd2 7. Bxd2 Bxd2+
8. Qxd2 O-O 9. Ng5 g6 10. h4 f6 11. Bc4+ Kg7 12. exf6+ Qxf6 13. Nf3 Re8+ 14.
Be2 d3 15. cxd3 d6 16. h5 h6 17. hxg6 Bf5 18. Qxh6+ Kg8 19. Qh7+ Kf8 20. g7+
Qxg7 21. Qxf5+ Kg8 22. Ng5 Rxe2+ 23. Kxe2 Qxb2+ 24. Kf3 1-0

[Event "8�me open de Quimper 2017"]
[Site "Quimper"]
[Date "2017.10.28"]
[Round "4.12"]
[White "Lemoine, Norbert"]
[Black "Betsch, Eric"]
[Result "1-0"]
[WhiteElo "1222"]
[BlackElo "1494"]
[PlyCount "83"]
[EventDate "2017.??.??"]

1. e4 c5 2. Nf3 d6 3. d4 cxd4 4. Nxd4 Nf6 5. Nc3 a6 6. Be2 e6 7. f4 Qc7 8. Be3
Nc6 9. O-O b5 10. Nxc6 Qxc6 11. Bf3 Nd7 12. e5 d5 13. Nxd5 exd5 14. Bxd5 Qc7
15. Bxa8 Bb7 16. Bxb7 Qxb7 17. Qd3 Bc5 18. Bxc5 Nxc5 19. Qd6 Ne4 20. Qb4 Qb6+
21. Kh1 Nf2+ 22. Rxf2 Qxf2 23. c3 Qa7 24. Rd1 Qe7 25. Qa5 O-O 26. Qxa6 Rd8 27.
Rd4 b4 28. Qb6 Rc8 29. Qxb4 Qxb4 30. Rxb4 Kf8 31. g3 Ke7 32. Kg2 Ke6 33. Kf3
Rd8 34. Rd4 Rb8 35. b3 f6 36. Rd6+ Ke7 37. Ke4 fxe5 38. fxe5 Rc8 39. c4 Ra8 40.
a4 Rb8 41. Rd3 Ke6 42. a5 1-0

[Event "8�me open de Quimper 2017"]
[Site "Quimper"]
[Date "2017.10.28"]
[Round "4.13"]
[White "Cresswell, Patrick"]
[Black "Beaudouin, Damien"]
[Result "1-0"]
[WhiteElo "1483"]
[BlackElo "1242"]
[PlyCount "99"]
[EventDate "2017.??.??"]

1. d4 d6 2. Bf4 Nf6 3. Nf3 g6 4. e3 Bg7 5. Nbd2 O-O 6. Bd3 Nbd7 7. c3 Re8 8.
Nc4 c5 9. d5 Nxd5 10. Bg3 N5b6 11. Qb3 d5 12. Nxb6 Nxb6 13. Bb5 Bd7 14. Bxd7
Qxd7 15. O-O Nc4 16. Rfd1 Qc6 17. Nd2 Ne5 18. Bxe5 Bxe5 19. Nf3 c4 20. Nxe5
cxb3 21. Nxc6 bxc6 22. axb3 a5 23. h3 Reb8 24. Ra3 Rb7 25. Rda1 Rab8 26. Rxa5
Rxb3 27. Rc5 R8b6 28. Ra8+ Kg7 29. Rc8 Rxb2 30. R8xc6 Rxc6 31. Rxc6 Rb1+ 32.
Kh2 Rc1 33. Kg3 e6 34. Kf4 Rc2 35. Kg3 Kf6 36. Rc7 Kg7 37. f4 h5 38. Kf3 Ra2
39. Rc5 Ra4 40. g4 hxg4+ 41. hxg4 Ra7 42. e4 dxe4+ 43. Kxe4 Kf6 44. g5+ Ke7 45.
Ke5 Rd7 46. c4 Rd6 47. Rc7+ Rd7 48. Rxd7+ Kxd7 49. Kf6 Kd6 50. Kxf7 1-0

[Event "8�me open de Quimper 2017"]
[Site "Quimper"]
[Date "2017.10.28"]
[Round "4.14"]
[White "Lebon, Marc"]
[Black "Rannou, Noel"]
[Result "0-1"]
[WhiteElo "1180"]
[BlackElo "1457"]
[PlyCount "108"]
[EventDate "2017.??.??"]

1. e4 c5 2. Nc3 Nc6 3. Nf3 Nf6 4. Bc4 e6 5. O-O a6 6. d3 Bd6 7. Re1 Ne5 8. h3
Qc7 9. a3 b5 10. Ba2 O-O 11. Bg5 Be7 12. d4 Nxf3+ 13. Qxf3 cxd4 14. Ne2 Qe5 15.
Bf4 Qxe4 16. Qxe4 Nxe4 17. Nxd4 Nf6 18. Nf5 Bd8 19. Nd6 Nh5 20. Be5 Bf6 21.
Rad1 Bxe5 22. Rxe5 Nf6 23. c3 Rb8 24. Bb1 Rb6 25. g4 h6 26. g5 hxg5 27. Rxg5
Rc6 28. b4 Rxc3 29. Kg2 Rxa3 30. h4 Rb3 31. h5 Rxb4 32. Rh1 Rg4+ 33. Rxg4 Nxg4
34. Kg3 Ne5 35. Kf4 Nc4 36. Nxc4 bxc4 37. h6 g6 38. Kg5 Kh7 39. Kf6 Bb7 40. Rg1
Kxh6 41. Rg3 Kh7 42. Rh3+ Kg8 43. Ke7 f5 44. Rh6 Rf7+ 45. Ke8 Rg7 46. Rh4 d5
47. f4 Bc6+ 48. Kd8 Rh7 49. Rxh7 Kxh7 50. Kc7 Bb5 51. Kd6 d4 52. Kxe6 c3 53.
Kd5 d3 54. Kc5 c2 0-1

[Event "8�me open de Quimper 2017"]
[Site "Quimper"]
[Date "2017.10.28"]
[Round "4.15"]
[White "Bonhomme, Marcel"]
[Black "Kerbaol, Jacques"]
[Result "1/2-1/2"]
[WhiteElo "1500"]
[BlackElo "1460"]
[PlyCount "78"]
[EventDate "2017.??.??"]

1. e4 e5 2. Nf3 Nc6 3. Bc4 Nf6 4. Ng5 Bc5 5. O-O O-O 6. d3 Na5 7. Bb3 Nxb3 8.
axb3 d6 9. Qe1 h6 10. Nf3 Bg4 11. Nbd2 Nh5 12. h3 Bxf3 13. Nxf3 Ng3 14. Be3
Nxf1 15. Kxf1 Bxe3 16. Qxe3 a6 17. c4 c5 18. g4 b5 19. h4 bxc4 20. dxc4 Qd7 21.
Nh2 a5 22. Ra4 Rfb8 23. Qc3 Rb4 24. Qc2 Qb7 25. Qd2 Qb6 26. Kg2 Rxb3 27. Ra2 a4
28. Nf1 a3 29. bxa3 Raxa3 30. Ne3 Rxa2 31. Qxa2 Qb7 32. Nd5 Rb2 33. Qa4 Kh7 34.
h5 Rd2 35. Qa3 Qb2 36. Qf3 Qd4 37. Qf5+ Kg8 38. Qc8+ Kh7 39. Qf5+ Kg8 1/2-1/2

[Event "8�me open de Quimper 2017"]
[Site "Quimper"]
[Date "2017.10.28"]
[Round "4.16"]
[White "Merkel, Arnaud"]
[Black "Menez, Jean-Pierre"]
[Result "0-1"]
[WhiteElo "1518"]
[BlackElo "1399"]
[PlyCount "48"]
[EventDate "2017.??.??"]

1. e4 e5 2. f4 Nc6 3. Nf3 d6 4. Bc4 h6 5. O-O Bg4 6. h3 Bd7 7. Nc3 Nf6 8. d4
Na5 9. Bb3 c6 10. fxe5 Nxb3 11. axb3 dxe5 12. dxe5 Bc5+ 13. Kh1 Nh7 14. Bf4 O-O
15. Qd2 Qe7 16. g4 Rad8 17. Qe2 f6 18. exf6 Rxf6 19. Bg3 g5 20. h4 Bxg4 21. e5
Rf5 22. Rae1 Rdf8 23. Kg2 Rxf3 24. Rxf3 Bxf3+ 0-1

[Event "8�me open de Quimper 2017"]
[Site "Quimper"]
[Date "2017.10.28"]
[Round "5.1"]
[White "Le Marec, Simon"]
[Black "Stephan, Victor"]
[Result "0-1"]
[WhiteElo "2211"]
[BlackElo "2329"]
[PlyCount "82"]
[EventDate "2017.??.??"]

1. d4 d5 2. c4 e6 3. Nc3 Nf6 4. cxd5 exd5 5. Bg5 c6 6. Qc2 Be7 7. e3 Nbd7 8.
Bd3 Nh5 9. Bxe7 Qxe7 10. O-O-O Nb6 11. Nf3 g6 12. Ne5 Be6 13. g4 Ng7 14. f4 f6
15. f5 fxe5 16. dxe5 Nd7 17. f6 Nxf6 18. exf6 Qxf6 19. h3 O-O-O 20. Kb1 Qe5 21.
Rhe1 Kb8 22. Bf1 Bc8 23. Na4 Ne6 24. Nc5 Nxc5 25. Qxc5 Rhe8 26. Qd4 Rd7 27.
Qxe5+ Rxe5 28. Kc2 Rf7 29. Bg2 h5 30. gxh5 gxh5 31. Rd4 Rf2+ 32. Rd2 Rxd2+ 33.
Kxd2 Rg5 34. Re2 Rg3 35. Rf2 Bxh3 36. Bxh3 Rxh3 37. Rf7 a6 38. a4 a5 39. b3 d4
40. exd4 Rxb3 41. Rf8+ Kc7 0-1

[Event "8�me open de Quimper 2017"]
[Site "Quimper"]
[Date "2017.10.28"]
[Round "5.2"]
[White "Jolly, Jean-Francois"]
[Black "Oney, Remel"]
[Result "1-0"]
[WhiteElo "2373"]
[BlackElo "1826"]
[PlyCount "77"]
[EventDate "2017.??.??"]

1. e4 e5 2. Bc4 Nf6 3. d3 c6 4. Nf3 d5 5. Bb3 dxe4 6. Ng5 Be6 7. Bxe6 fxe6 8.
dxe4 Qxd1+ 9. Kxd1 h6 10. Nxe6 Nxe4 11. Re1 Nxf2+ 12. Ke2 Kd7 13. Nxf8+ Rxf8
14. Rf1 Na6 15. Rxf2 Rxf2+ 16. Kxf2 Rf8+ 17. Ke2 Nb4 18. Na3 Ke6 19. Bd2 Nd5
20. g3 e4 21. c4 Nb6 22. Rf1 Rxf1 23. Kxf1 Kf5 24. b3 Kg4 25. Kg2 Nd7 26. Nc2
Kf5 27. Ne3+ Ke6 28. Bc3 g6 29. Bd4 c5 30. Bc3 Ne5 31. Bxe5 Kxe5 32. Kf2 Kd4
33. Ke2 a6 34. Kd2 h5 35. Nc2+ Ke5 36. Ke3 Kf5 37. h3 g5 38. Na3 g4 39. h4 1-0

[Event "8�me open de Quimper 2017"]
[Site "Quimper"]
[Date "2017.10.28"]
[Round "5.3"]
[White "Ginovart, Camille"]
[Black "Le Guehennec, Jean-Marc"]
[Result "1-0"]
[WhiteElo "1677"]
[BlackElo "1838"]
[PlyCount "122"]
[EventDate "2017.??.??"]

1. d4 Nf6 2. Nf3 g6 3. e3 Bg7 4. c4 O-O 5. Bd3 d5 6. O-O c6 7. Qb3 Nbd7 8. Bd2
e6 9. Bc3 Ne4 10. Bb4 Re8 11. Nc3 a5 12. Ba3 dxc4 13. Bxc4 Nxc3 14. bxc3 b5 15.
Bd3 Ba6 16. Nd2 c5 17. Bxb5 Rb8 18. c4 cxd4 19. exd4 Bxb5 20. cxb5 Qb6 21. Nc4
Qxb5 22. Qxb5 Rxb5 23. Nd6 Reb8 24. Nxb5 Rxb5 25. Rfd1 Rd5 26. Bb2 Nb6 27. Rac1
Bf8 28. Rd3 a4 29. g3 Rb5 30. Ba3 Bxa3 31. Rxa3 Rb2 32. Rc6 Rb4 33. Rac3 Kg7
34. R3c5 Nd5 35. Rc4 Rb1+ 36. Kg2 Nb6 37. R4c5 Rb4 38. a3 Rb3 39. Ra5 Kf6 40.
Ra6 Nd5 41. Rxa4 Rd3 42. Ra5 Rxd4 43. Rc1 Rd2 44. Ra1 Nc3 45. Kf3 Rd3+ 46. Kf4
e5+ 47. Kg4 h5+ 48. Kh3 Ne2 49. Kg2 Rd2 50. Re1 e4 51. Kf1 Nc3 52. Re3 Rd1+ 53.
Kg2 Rd3 54. Rc5 Na4 55. Rxd3 exd3 56. Rd5 Nb2 57. Kf3 Ke6 58. Rd8 Nc4 59. a4 f5
60. Rxd3 Ne5+ 61. Ke3 Nxd3 1-0

[Event "8�me open de Quimper 2017"]
[Site "Quimper"]
[Date "2017.10.28"]
[Round "5.4"]
[White "Andre, Marine"]
[Black "Besseghier, Stephane"]
[Result "1/2-1/2"]
[WhiteElo "1737"]
[BlackElo "1691"]
[PlyCount "58"]
[EventDate "2017.??.??"]

1. e4 d5 2. exd5 Nf6 3. d4 Nxd5 4. Nf3 g6 5. Be2 Bg7 6. O-O O-O 7. Nc3 Nxc3 8.
bxc3 c5 9. Ba3 cxd4 10. cxd4 Nc6 11. c3 Qa5 12. Qc1 Re8 13. Bc4 e6 14. Bd6 Bd7
15. Rb1 Nd8 16. Bb3 Rc8 17. Ne5 Bc6 18. Qf4 Ba4 19. Ng4 Bxb3 20. Rxb3 Qf5 21.
Nh6+ Bxh6 22. Qxh6 f6 23. Qd2 b6 24. Rb2 Nf7 25. Bb4 Ng5 26. f3 Qd5 27. Rc2 Rc4
28. Qe3 Rec8 29. Rfc1 R8c6 {(=)} 1/2-1/2

[Event "8�me open de Quimper 2017"]
[Site "Quimper"]
[Date "2017.10.28"]
[Round "5.5"]
[White "Donchez, Christophe"]
[Black "Martin, Frederic"]
[Result "0-1"]
[WhiteElo "1853"]
[BlackElo "1643"]
[PlyCount "90"]
[EventDate "2017.??.??"]

1. d4 d5 2. Nf3 e6 3. Bf4 c5 4. e3 Nc6 5. c3 Nf6 6. Bd3 c4 7. Bc2 Be7 8. Nbd2
b5 9. a3 Bb7 10. Ne5 Nxe5 11. dxe5 Nd7 12. h3 g5 13. Bg3 h5 14. Nf3 Qc7 15. Qd2
O-O-O 16. Nd4 a6 17. f4 h4 18. Bf2 Rdg8 19. Rg1 g4 20. hxg4 Rxg4 21. Bd1 Rg7
22. Bf3 Nc5 23. O-O-O Bc6 24. Rh1 Bd7 25. g4 h3 26. g5 Qd8 27. Rdg1 Qg8 28. Kb1
a5 29. Rg3 Qh7+ 30. Ka2 Nd3 31. Bg4 h2 32. Nf3 Qg8 33. Ne1 Nc5 34. Rg2 Ne4 35.
Qc2 b4 36. Qc1 bxc3 37. bxc3 Ba4 38. Bf3 Bb3+ 39. Ka1 Nc5 40. Bd1 Qe8 41. Rgxh2
Rxh2 42. Rxh2 Qa4 43. Rh8+ Kd7 44. Nc2 Nd3 45. Qb1 Bxa3 0-1

[Event "8�me open de Quimper 2017"]
[Site "Quimper"]
[Date "2017.10.28"]
[Round "5.6"]
[White "Vigouroux, Johann"]
[Black "Famel, Edouard"]
[Result "0-1"]
[WhiteElo "1754"]
[BlackElo "1753"]
[PlyCount "40"]
[EventDate "2017.??.??"]

1. Nf3 Nf6 2. c4 c6 3. g3 g6 4. Bg2 Bg7 5. Nc3 d5 6. cxd5 cxd5 7. d4 Nc6 8. Ne5
e6 9. Bg5 Qb6 10. Nxc6 bxc6 11. Qd2 h6 12. Bf4 Ng4 13. e3 e5 14. Bxe5 Bxe5 15.
dxe5 Nxe5 16. Qd4 Qxd4 17. exd4 Nd3+ 18. Kd2 Nxf2 19. Rhe1+ Kf8 20. h3 Nxh3 0-1

[Event "8�me open de Quimper 2017"]
[Site "Quimper"]
[Date "2017.10.28"]
[Round "5.7"]
[White "Chachiachvili, Mariam"]
[Black "Donchez, Gilbert"]
[Result "0-1"]
[WhiteElo "1752"]
[BlackElo "1502"]
[PlyCount "104"]
[EventDate "2017.??.??"]

1. e4 d6 2. d4 Nf6 3. Nc3 g6 4. Nf3 Bg7 5. Bg5 h6 6. Be3 Ng4 7. Bf4 O-O 8. h3
Nf6 9. Qd2 Kh7 10. g4 Nfd7 11. O-O-O a6 12. Be3 b5 13. Nh2 Bb7 14. Bg2 e5 15.
d5 b4 16. Ne2 a5 17. Rhf1 Na6 18. f4 exf4 19. Nxf4 Nac5 20. Bd4 Ne5 21. Qf2 Ba6
22. Rfe1 a4 23. Bxc5 dxc5 24. Qxc5 b3 25. a3 bxc2 26. Kxc2 Qf6 27. Ne2 Nd3 28.
Rxd3 Qxb2+ 29. Kd1 Bxd3 30. Nf4 Qb3+ 31. Kd2 Bc4 32. e5 g5 33. Nh5 Qb2+ 34. Ke3
Qc3+ 35. Kf2 Qd2+ 36. Kf3 Bxd5+ 37. Re4 Bxe4+ 38. Kxe4 Qxg2+ 39. Nf3 Qe2+ 40.
Qe3 Qxe3+ 41. Kxe3 Rfd8 42. Nd4 Bxe5 43. Nc6 Re8 44. Ke4 Bb2+ 45. Kf5 Bxa3 46.
Nf6+ Kg7 47. Nh5+ Kf8 48. Nf6 Re6 49. Nd4 Bb2 50. Nxe6+ fxe6+ 51. Kxe6 Bxf6 52.
Kxf6 a3 0-1

[Event "8�me open de Quimper 2017"]
[Site "Quimper"]
[Date "2017.10.28"]
[Round "5.8"]
[White "Taher, Sinane"]
[Black "Major, Frederic"]
[Result "1/2-1/2"]
[WhiteElo "1554"]
[BlackElo "1747"]
[PlyCount "71"]
[EventDate "2017.??.??"]

1. e4 c6 2. d4 d5 3. exd5 cxd5 4. c4 Nf6 5. Nc3 e6 6. Nf3 Nc6 7. Bg5 Be7 8. a3
O-O 9. b4 dxc4 10. Bxc4 h6 11. Bh4 a6 12. O-O Nd5 13. Bxe7 Ncxe7 14. Ne4 b6 15.
Qd2 Bb7 16. Rfe1 Nf5 17. Rad1 Nd6 18. Nxd6 Qxd6 19. Ne5 Rac8 20. Rc1 Nf6 21.
Qf4 Rfd8 22. Red1 Qe7 23. Re1 Nd5 24. Qg4 b5 25. Bb3 Rxc1 26. Rxc1 Nf6 27. Qf4
Bd5 28. Bxd5 Nxd5 29. Nc6 Nxf4 30. Nxe7+ Kf8 31. Nc6 Rd6 32. Kf1 Ke8 33. Ne5
Rxd4 34. Rc8+ Rd8 35. Rxd8+ Kxd8 36. Nxf7+ 1/2-1/2

[Event "8�me open de Quimper 2017"]
[Site "Quimper"]
[Date "2017.10.28"]
[Round "5.10"]
[White "Delaire, Eric"]
[Black "Duval, Lucie"]
[Result "1-0"]
[WhiteElo "1727"]
[BlackElo "1188"]
[PlyCount "87"]
[EventDate "2017.??.??"]

1. e4 e5 2. Nf3 Nc6 3. Bb5 d6 4. d4 Bd7 5. O-O Nf6 6. Re1 Be7 7. c3 a6 8. Ba4
b5 9. Bc2 Bg4 10. d5 Na7 11. a4 O-O 12. Be3 Qb8 13. b3 c5 14. dxc6 Nxc6 15.
Nbd2 Rc8 16. axb5 axb5 17. Bd3 Na5 18. b4 Nc4 19. Bxc4 bxc4 20. Rxa8 Qxa8 21.
Qa1 Qc6 22. Qa7 Bd8 23. Ng5 Bd7 24. Ra1 h6 25. Ra6 Qc7 26. Qxc7 Rxc7 27. Ngf3
Be7 28. Ra8+ Kh7 29. Bb6 Rc6 30. Ba5 Ne8 31. Ra7 Be6 32. Rxe7 Rc8 33. b5 Ra8
34. b6 Rb8 35. Ra7 Bc8 36. Rxf7 Bb7 37. Kf1 Kg8 38. Rd7 Bc6 39. Ra7 Kf8 40. Ne1
d5 41. exd5 Bxd5 42. f3 Nd6 43. Rd7 Nb7 44. Bb4+ 1-0